[Event "SRB-chT2 South CS"]
[Site "Nis"]
[Date "2012.09.22"]
[Round "2.1"]
[White "Rasic, Jovan"]
[Black "Ostojic, Nikola M"]
[Result "1/2-1/2"]
[WhiteElo "1982"]
[BlackElo "2058"]
[PlyCount "67"]
[EventDate "2012.09.21"]
[EventType "team-tourn"]
[EventRounds "10"]
[EventCountry "SRB"]
[SourceTitle "EXT 2019"]
[Source "ChessBase"]
[SourceDate "2018.10.10"]
[SourceVersion "1"]
[SourceVersionDate "2018.10.10"]
[SourceQuality "1"]

1. e4 c5 2. Nf3 d6 3. c4 Nf6 4. Nc3 a6 5. d4 cxd4 6. Nxd4 e6 7. Be2 Qc7 8. Be3 Nbd7 9. 0-0 b6 10. Rc1 Bb7 11. f3 Be7 12. Qd2 0-0 13. g4 Rac8 14. Kg2 Qb8 15. h4 Ne5 16. b3 Nfd7 17. h5 Nc6 18. g5 Nxd4 19. Bxd4 f5 20. Kh3 Nc5 21. exf5 Rxf5 22. f4 Rcf8 23. Bg4 e5 24. Bxc5 bxc5 25. Bxf5 Rxf5 26. Nd5 Bd8 27. Ne3 Rxf4 28. Rxf4 exf4 29. Ng4 Bxg5 30. Qe2 Qc8 31. Re1 Kf8 32. Qe6 Qc6 33. Qf5+ Bf6 34. Qd5 1/2-1/2